Meghan Trainor Charting Songs (Billboard Hot 100) - Statistics

General Stats
  • This quiz has been taken 98 times
    21 since last reset
  • The average score is 8 of 14
Answer Stats
Album Weeks On Peak Artist(s) Song % Correct
Title 47 Weeks #1 (8 Weeks) Meghan Trainor All About That Bass
94%
Title 24 Weeks #14 Meghan Trainor Dear Future Husband
88%
Thank You 20 Weeks #3 Meghan Trainor No
82%
Title 39 Weeks #8 Meghan Trainor ft. John Legend Like I'm Gonna Lose You
76%
Title 29 Weeks #4 Meghan Trainor Lips are Movin'
76%
Takin' It Back 21 Weeks #11 Meghan Trainor Made You Look
76%
Nine Track Mind 20 Weeks #21 Charlie Puth ft. Meghan Trainor Marvin Gaye
71%
Thank You 20 Weeks #13 Meghan Trainor Me Too
71%
Title 1 Week #100 Meghan Trainor Title
65%
Treat Myself 12 Weeks #46 Meghan Trainor No Excuses
47%
Treat Myself 1 Week #89 Meghan Trainor ft. Nicki Minaj Nice to Meet Ya
35%
Timeless (Deluxe) 1 Week #100 Meghan Trainor Criminals
12%
Holidays Around the World 2 Weeks #93 Pentatonix ft. Meghan Trainor Kid on Christmas
6%
A Very Trainor Christmas (Deluxe Edition) 5 Weeks #78 Meghan Trainor Jingle Bells
0%
No matching quizzes found
Score Distribution
Percent of People with Each Score
Percentile by Number Answered
Your Score History
You have not taken this quiz since the last reset